000
00187 a2200097 4500
020
_a
9781596465640
041
_a
eng
100
_a
Mazzeo, J.L.
245
_a
Yolandaʻs Y book
942
_c
BK
999
_c
11991
_d
11991